Bezpečnostné aspekty a súvislosti globálnej krízy začiatku 21. storočia

O základných sociálnych determinantoch súčasnej medzinárodnej bezpečnosti. Globálna kríza začiatku 21. storočia a jej medzinárodnobezpečnostné súvislosti a dôsledky. Priame a nepriame bezpečnostné dôsledky globálnej krízy. Možné vojenské bezpečnostné aspekty vývoja krízy. Vplyv vývoja krízy na nevoj...

Descripción completa

Guardado en:
Detalles Bibliográficos
Autor principal: Škvrnda, František
Formato: Capítulo de libro
Lenguaje:eslovaco
Materias:
Etiquetas: Agregar Etiqueta
Sin Etiquetas, Sea el primero en etiquetar este registro!

MARC

LEADER 00000naa$a2200000$$$4500
001 0117069
005 20240502072315.8
041 0 |a slo 
044 |a SK 
245 1 0 |a Bezpečnostné aspekty a súvislosti globálnej krízy začiatku 21. storočia  |c František Škvrnda 
520 |a O základných sociálnych determinantoch súčasnej medzinárodnej bezpečnosti. Globálna kríza začiatku 21. storočia a jej medzinárodnobezpečnostné súvislosti a dôsledky. Priame a nepriame bezpečnostné dôsledky globálnej krízy. Možné vojenské bezpečnostné aspekty vývoja krízy. Vplyv vývoja krízy na nevojenskú bezpečnosť v súčasnom svete. 
610 2 0 |a bezpečnosť 
610 2 0 |a globalizácia 
610 2 0 |a kríza hospodárska 
100 1 |a Škvrnda, František